[Event "SLO-ch U12"]
[Site "Ptuj"]
[Date "2017.03.02"]
[Round "8"]
[White "Luznik Robba, Jaka"]
[Black "Paternoster, Janez"]
[Result "0-1"]
[WhiteElo "1741"]
[BlackElo "1404"]
[PlyCount "120"]
[EventDate "2017.02.27"]
[EventType "swiss"]
[EventRounds "9"]
[EventCountry "SLO"]
[SourceTitle "CBM 177 Extra"]
[Source "ChessBase"]
[SourceDate "2017.04.27"]
[SourceVersion "1"]
[SourceVersionDate "2017.04.27"]
[SourceQuality "1"]

1. e4 c6 2. Nf3 d5 3. exd5 cxd5 4. d4 Nc6 5. Nc3 Nf6 6. Bd3 Bg4 7. h3 Bxf3 8. Qxf3 Nxd4 9. Qd1 e5 10. 0-0 Nc6 11. Bg5 Be7 12. Bb5 d4 13. Bxf6 Bxf6 14. Ne4 0-0 15. Qf3 Rc8 16. Rfe1 a6 17. Ba4 Re8 18. Rad1 b5 19. Bb3 h6 20. c3 Qe7 21. Bd5 dxc3 22. Nxc3 Nd8 23. Qg4 Ne6 24. Bxe6 Qxe6 25. Qxe6 Rxe6 26. Ne4 Rce8 27. Rd6 Rxd6 28. Nxd6 Rd8 29. Ne4 Rd4 30. Nc5 Rd6 31. Ne4 Rd5 32. a3 Kf8 33. b4 Rd3 34. Re3 Rxe3 35. fxe3 Be7 36. Kf1 f5 37. Ng3 g6 38. e4 Bh4 39. Ne2 fxe4 40. g3 Bg5 41. h4 Bd2 42. g4 Ke7 43. Ng3 Bc1 44. Nxe4 Bxa3 45. Nc5 Bxb4 46. Nxa6 Bd6 47. Ke2 Kd7 48. Kd3 Kc6 49. Kc3 Kb6 50. Nb4 Bxb4+ 51. Kxb4 e4 52. Kc3 Kc5 53. h5 gxh5 54. gxh5 b4+ 55. Kd2 Kd4 56. Kc2 e3 57. Kd1 b3 58. Kc1 e2 59. Kd2 b2 60. Kxe2 b1Q 0-1

[Event "SLO-ch U12"]
[Site "Ptuj"]
[Date "2017.02.28"]
[Round "3"]
[White "Sraka, Lan"]
[Black "Luznik Robba, Jaka"]
[Result "1-0"]
[WhiteElo "1196"]
[BlackElo "1741"]
[PlyCount "61"]
[EventDate "2017.02.27"]
[EventType "swiss"]
[EventRounds "9"]
[EventCountry "SLO"]
[SourceTitle "CBM 177 Extra"]
[Source "ChessBase"]
[SourceDate "2017.04.27"]
[SourceVersion "1"]
[SourceVersionDate "2017.04.27"]
[SourceQuality "1"]

1. d4 Nf6 2. c4 d6 3. Nc3 Nc6 4. e4 g6 5. d5 Ne5 6. f4 Ned7 7. Nf3 Bg7 8. Bd3 0-0 9. 0-0 Nc5 10. Bc2 Bg4 11. b4 Ncd7 12. h3 Bxf3 13. Qxf3 c5 14. a3 a5 15. b5 Nb6 16. Bd3 Nfxd5 17. exd5 Bxc3 18. Rb1 Bd4+ 19. Kh1 Nd7 20. f5 Bg7 21. Bb2 Bxb2 22. Rxb2 Ne5 23. Qe4 Qd7 24. Rbf2 b6 25. Rf4 Nxd3 26. Qxd3 e5 27. Rh4 Qe7 28. f6 Qd7 29. Qe3 Rae8 30. Qh6 g5 31. Qg7# 1-0

[Event "SLO-ch U12"]
[Site "Ptuj"]
[Date "2017.02.27"]
[Round "1"]
[White "Rajh, Tinej"]
[Black "Luznik Robba, Jaka"]
[Result "1-0"]
[WhiteElo "1286"]
[BlackElo "1741"]
[PlyCount "71"]
[EventDate "2017.02.27"]
[EventType "swiss"]
[EventRounds "9"]
[EventCountry "SLO"]
[SourceTitle "CBM 177 Extra"]
[Source "ChessBase"]
[SourceDate "2017.04.27"]
[SourceVersion "1"]
[SourceVersionDate "2017.04.27"]
[SourceQuality "1"]

1. d4 b6 2. c4 Bb7 3. Nc3 e6 4. Nf3 Nf6 5. Bg5 h6 6. Bh4 d5 7. e3 Bb4 8. a3 Bxc3+ 9. bxc3 Nbd7 10. cxd5 Bxd5 11. Bd3 g5 12. Bg3 Ne4 13. Bxe4 Bxe4 14. 0-0 Nf6 15. Be5 Qe7 16. Qa4+ c6 17. Nd2 Bd3 18. Qxc6+ Kf8 19. Qxa8+ Kg7 20. Bxf6+ Qxf6 21. Qxa7 Bxf1 22. Rxf1 Rc8 23. Ne4 Qg6 24. Qb7 Rc4 25. Rb1 Rxc3 26. Ra1 Rb3 27. h3 b5 28. Nc5 Rb1+ 29. Rxb1 Qxb1+ 30. Kh2 Qb2 31. Nxe6+ Kf6 32. Nd8 Qa2 33. f3 Kg6 34. d5 Kf6 35. Qxf7+ Ke5 36. Qe6# 1-0